00438nam a2200157 i 4500001001100000003000500011005001700016008004100033040002500074245002500099264007100124336002100195337002500216338002300241500001600264C2-0276257PPAK20180729000439.0061122s2004 xx |||| ||||| | eng d aPPAKbengcPPAKerda00aPingu builds a tower 1a[place of publication not identified] : bThe Pygos Group , c2004 2rdacontentatext 2rdamediaaunmediated 2rdacarrieravolume aVCD 1002/06